Представление документа в формате RUSMARC

ПолеНазваниеЗначение
  Тип записи a
  Библиографический уровень m
001 Контрольный номер RU/SLIB/B/208710982
005 Дата корректировки 20201206203909.5
010 Индекс ISBN __
d Цена 16-00
101 Язык документа __
a Язык текста rus
200 Заглавие и сведения об ответственности 1_
a Заглавие "Как слово наше отзовется..."
e Сведения, относящиеся к заглавию судьбы лит. произведений : учеб. пособие
f Первые сведения об ответственности Чернец Л. В.
b Общее обозначение материала Текст
210 Выходные данные __
a Место издания М.
c Издательство Высш. шк.
d Дата издания 1995
215 Физическое описание __
a Объем 239 с.
225 Серия __
a Серия 100 спецкурсов по филологии
600 Персоналии __
a Персоналии (Фамилия) Гончаров, И. А.
600 Персоналии __
a Персоналии (Фамилия) Лавров, П. Л.
600 Персоналии __
a Персоналии (Фамилия) Салтыков-Щедрин, М. Е.
606 Тематические рубрики __
a Основная рубрика Литературоведение
606 Тематические рубрики __
a Основная рубрика Русская литература XIX в.
610 Ключевые слова __
a Ключевые слова писатели; персоналии; литературная критика; литературные произведения; литературное творчество; русская классическая литература; русская классика
686 Индексы других классификаций __
2 Код системы rubbks
a Классификационный индекс 83.3(2Рос=Рус)я73
700 Автор _1
a Фамилия Чернец
b Имя Л. В.
4 Код отношения 070
801 Источник записи _0
a Страна RU
b Организация Муниципальное бюджетное учреждение культуры "Централизованная библиотечная система" г. Сургут (Центральная городская библиотека им. А. С. Пушкина)
g Правила каталогизации Об/Кундохова
801 Источник записи _1
a Страна RU
b Организация Муниципальное бюджетное учреждение культуры "Централизованная библиотечная система" г. Сургут (Центральная городская библиотека им. А. С. Пушкина)
g Правила каталогизации Об/Кундохова
852 Данные о местонахождении __
j Шифр хранения 83.3(2Рос=Рус)я73
i Авторский знак Ч-49
p Инвентарный номер 68840
901 Тип документа __
t Тип документа m
903 Характеристики (МАРС) __
a Дата передачи 19980727
969 Тип издания __
a Тип издания учебник
990 Данные о заказе (DOS) 00
j Количество экземпляров (DOS) 1